BULLETIN OF ENTOMOLOGY (Record no. 9697)

MARC details
000 -LEADER
fixed length control field 00367nam a2200133Ia 4500
022 ## - INTERNATIONAL STANDARD SERIAL NUMBER
ISSN 0013-8762
245 #0 - TITLE STATEMENT
Title BULLETIN OF ENTOMOLOGY
260 ## - PUBLICATION, DISTRIBUTION, ETC. (IMPRINT)
Name of publisher Entomolgical Society of India, New Delhi
Place of publication India
310 ## - CURRENT PUBLICATION FREQUENCY
Current publication frequency A
500 ## - GENERAL NOTE
General note Ending Volume & Year: 23, 1982
500 ## - GENERAL NOTE
General note Starting Volume & Year: 8, 1967
942 ## - ADDED ENTRY ELEMENTS (KOHA)
Koha item type Bound Journal
Holdings
Withdrawn status Lost status Damaged status Not for loan Home library Current library Date acquired Accession Number Koha item type
      Bound journals RRII Library RRII Library 31/12/2021 09644J Bound Journal